| 000 -LEADER | |
|---|---|
| fixed length control field | 01174nam a22002177a 4500 |
| 005 - DATE AND TIME OF LATEST TRANSACTION | |
| control field | 20250420134757.0 |
| 008 - FIXED-LENGTH DATA ELEMENTS--GENERAL INFORMATION | |
| fixed length control field | 191121b ||||| |||| 00| 0 eng d |
| 020 ## - INTERNATIONAL STANDARD BOOK NUMBER | |
| International Standard Book Number | 9780974320625 |
| 040 ## - CATALOGING SOURCE | |
| Transcribing agency | KCST |
| 082 ## - DEWEY DECIMAL CLASSIFICATION NUMBER | |
| Classification number | 152.4 |
| Item number | Br Em |
| 100 ## - MAIN ENTRY--PERSONAL NAME | |
| Personal name | Bradberry, Travis |
| 9 (RLIN) | 555 |
| 245 ## - TITLE STATEMENT | |
| Title | Emotional Intelligence 2.0 / |
| Statement of responsibility, etc. | Travis Bradberry; Jean Greaves |
| 260 ## - PUBLICATION, DISTRIBUTION, ETC. | |
| Place of publication, distribution, etc. | San Diego, CA : |
| Name of publisher, distributor, etc. | TalentSmart; |
| Date of publication, distribution, etc. | [2009] ©2009 |
| 300 ## - PHYSICAL DESCRIPTION | |
| Extent | xvii, 255 pages : illustrations ; |
| Dimensions | 19 cm |
| 505 ## - FORMATTED CONTENTS NOTE | |
| Formatted contents note | The journey --<br/>The big picture --<br/>What emotional intelligence looks like: understanding the four skills --<br/>Digging in: an action plan to increase your EQ --<br/>Self-awareness strategies --<br/>Self-management strategies --<br/>Social awareness strategies --<br/>Relationship management strategies --<br/>Epilogue: Just the facts : a look at the latest discoveries in emotional intelligence --<br/>Discussion questions for reading groups. |
| 520 ## - SUMMARY, ETC. | |
| Summary, etc. | "Knowing what emotional intelligence is, and knowing how to use it to improve your life, are two very different things." --Publisher. |
| 650 ## - SUBJECT ADDED ENTRY--TOPICAL TERM | |
| Topical term or geographic name entry element | Emotional intelligence. |
| General subdivision | Psychological aspects. |
| 9 (RLIN) | 556 |
| 700 ## - ADDED ENTRY--PERSONAL NAME | |
| Personal name | Greaves, Jean |
| 9 (RLIN) | 557 |
| 942 ## - ADDED ENTRY ELEMENTS (KOHA) | |
| Koha item type | Book |
| 942 ## - ADDED ENTRY ELEMENTS (KOHA) | |
| Source of classification or shelving scheme | Dewey Decimal Classification |
| Withdrawn status | Lost status | Source of classification or shelving scheme | Damaged status | Not for loan | Home library | Current library | Date acquired | Cost, normal purchase price | Total checkouts | Full call number | Barcode | Date last seen | Date last checked out | Price effective from | Koha item type |
|---|---|---|---|---|---|---|---|---|---|---|---|---|---|---|---|
| Dewey Decimal Classification | KCST Library | KCST Library | 21/11/2019 | 7.38 | 1 | 152.4 Br Em | 1000000060 | 07/09/2023 | 13/06/2022 | 21/11/2019 | Book |